| 000 | 00875cam a22002411 4500 | ||
|---|---|---|---|
| 001 | 000011546 | ||
| 005 | 20200929162503.0 | ||
| 008 | 750828s1950 pr a 000 0 spa | ||
| 010 | _a50013482 | ||
| 035 | _a(OCoLC)1578452 | ||
| 040 |
_aDO-SdBNP _cTxU _dOCoLC _dDLC |
||
| 042 | _apremarc | ||
| 050 | 0 | 0 |
_aSB611 _b.V4 |
| 100 | 1 |
_aVelez, Ismael. _927310 |
|
| 245 | 1 | 0 |
_aPlantas indeseables en los cultivos tropicales; / _cmanual ilustrado para el agricultor, basado en material de Puerto Rico. Texto por Ismael Velez, fotografias por Johannes van Overbeek. |
| 260 |
_aRio Piedras, P.R., : _bEditorial Universitaria, _c1950. |
||
| 300 |
_ax,497 p. : _billus. ; _c24 cm. |
||
| 650 | 0 |
_aWeeds _zTropics. _927311 |
|
| 650 | 0 |
_aWeeds _zPuerto Rico. _927312 |
|
| 700 | 1 |
_aVan Overbeek, Johannes, _d1908- _eillus. _927313 |
|
| 910 | _aCatalogación por copia / LC | ||
| 082 | _a581.65 | ||
| 999 |
_c11241 _d11241 |
||